Statistics for ALL California Cities

Click here to take the quiz!

General Stats

  • This quiz has been taken 19,365 times
  • The average score is 80 of 482

Answer Stats

City / Town % Correct
LLos Angeles
93%
SSan Francisco
91%
SSan Diego
90%
SSacramento
83%
SSan Jose
77%
OOakland
70%
AAnaheim
68%
FFresno
64%
SSanta Barbara
62%
LLong Beach
56%
SSan Bernardino
55%
BBakersfield
55%
RRiverside
50%
SSanta Monica
49%
SSanta Ana
48%
BBerkeley
47%
PPasadena
47%
MMonterey
45%
PPalm Springs
43%
MMalibu
43%
OOrange
43%
IIrvine
42%
EEureka
42%
SSanta Cruz
42%
NNapa
40%
SSanta Clara
40%
BBeverly Hills
39%
PPalo Alto
38%
SSan Luis Obispo
38%
SStockton
38%
CCompton
37%
MModesto
35%
RRedding
35%
SSanta Rosa
34%
BBurbank
34%
HHuntington Beach
33%
DDavis
33%
OOxnard
32%
SSanta Clarita
32%
AAlameda
31%
VVentura
31%
SSanta Maria
31%
CChula Vista
30%
FFremont
30%
SSan Mateo
30%
OOceanside
29%
CCarlsbad
28%
GGlendale
28%
CChico
28%
SSalinas
27%
MMerced
26%
DDaly City
26%
IInglewood
26%
TThousand Oaks
26%
OOntario
26%
PPomona
26%
NNewport Beach
26%
CCarmel-by-the-Sea
26%
CCorona
26%
TTemecula
25%
BBarstow
25%
SSan Clemente
25%
SSan Fernando
25%
SSouth San Francisco
25%
CChino
24%
FFullerton
24%
PPalmdale
24%
RRancho Cucamonga
24%
LLancaster
24%
LLaguna Beach
24%
WWalnut
24%
TTorrance
24%
RRichmond
24%
SSonoma
24%
VVallejo
23%
CConcord
23%
WWest Hollywood
23%
SSimi Valley
23%
IIndio
23%
EEscondido
23%
CCupertino
22%
MMountain View
22%
PPalm Desert
22%
VVictorville
22%
YYuba City
21%
AAntioch
21%
VVisalia
21%
RRedwood City
21%
SSouth Lake Tahoe
21%
CCalabasas
21%
CCarson
21%
SSunnyvale
21%
GGilroy
21%
VVacaville
21%
HHayward
21%
SSan Rafael
20%
AAlhambra
20%
CCosta Mesa
20%
EEl Cajon
20%
FFairfield
20%
FFontana
20%
AApple Valley
20%
YYreka
19%
GGarden Grove
19%
RRoseville
19%
BBell
19%
CCrescent City
19%
WWalnut Creek
19%
MManhattan Beach
19%
KKing City
19%
BBig Bear Lake
19%
PPleasanton
19%
EElk Grove
19%
LLivermore
18%
EEl Cerrito
18%
EEl Centro
18%
RRedlands
18%
EEl Segundo
18%
SSan Juan Capistrano
18%
FFolsom
18%
SSan Marcos
18%
RRedondo Beach
18%
LLos Gatos
18%
WWest Covina
18%
DDowney
18%
YYorba Linda
18%
CCalexico
18%
SSausalito
18%
CCovina
18%
DDublin
18%
MMoreno Valley
17%
SSan Dimas
17%
CChino Hills
17%
SSan Carlos
17%
HHemet
17%
IImperial
17%
VVista
17%
BBrentwood
17%
PPismo Beach
17%
LLa Mesa
17%
TTracy
17%
PPetaluma
17%
WWest Sacramento
17%
LLincoln
17%
AAuburn
17%
LLodi
17%
OOjai
17%
AArcadia
17%
MMission Viejo
17%
TTruckee
17%
JJackson
17%
SSan Leandro
17%
SSan Ramon
17%
EEl Monte
17%
CCulver City
17%
LLakewood
16%
AAzusa
16%
CCalifornia City
16%
PPacifica
16%
SSan Bruno
16%
EEncinitas
16%
WWhittier
16%
LLos Altos
16%
HHalf Moon Bay
16%
CClovis
16%
PPerris
16%
SSouth Pasadena
16%
MMadera
16%
SSan Gabriel
16%
BBuena Park
16%
MMilpitas
16%
CClaremont
16%
WWeed
16%
AAlbany
16%
PPlacerville
15%
DDana Point
15%
PPittsburg
15%
DDanville
15%
DDel Mar
15%
LLompoc
15%
PPaso Robles
15%
LLaguna Niguel
15%
SSeal Beach
15%
SSan Pablo
15%
LLos Banos
15%
AArcata
15%
MManteca
15%
MMarina
15%
NNeedles
15%
MMurrieta
15%
BBishop
15%
EEast Palo Alto
15%
BBlythe
15%
TTulare
15%
UUnion City
15%
CCamarillo
15%
HHesperia
15%
BBurlingame
15%
TTwentynine Palms
15%
SSolvang
15%
TTustin
15%
IIndustry
15%
BBrea
15%
TTurlock
15%
NNorwalk
14%
UUkiah
14%
MMartinez
14%
SSan Joaquin
14%
MMammoth Lakes
14%
SSan Jacinto
14%
WWatsonville
14%
HHawthorne
14%
AAtherton
14%
CCoronado
14%
AAtascadero
14%
HHermosa Beach
14%
PParadise
14%
PPalos Verdes Estates
14%
CCoachella
14%
BBenicia
14%
FFort Bragg
14%
SSan Marino
14%
HHollister
14%
MMill Valley
14%
AAgoura Hills
14%
UUpland
14%
AAnderson
14%
MMenlo Park
14%
BBellflower
14%
SSanta Paula
13%
EEmeryville
13%
NNational City
13%
NNewark
13%
GGlendora
13%
NNevada City
13%
GGoleta
13%
AAliso Viejo
13%
GGardena
13%
MMorro Bay
13%
NNovato
13%
DDixon
13%
CCerritos
13%
BBanning
13%
RRed Bluff
13%
LLa Habra
13%
CCampbell
13%
BBelmont
13%
LLaguna Hills
13%
LLake Elsinore
13%
BBeaumont
13%
BBell Gardens
13%
DDiamond Bar
13%
WWestminster
13%
WWoodland
13%
AArtesia
13%
HHanford
13%
LLafayette
13%
SSaratoga
13%
AAvalon
13%
OOrinda
12%
OOakdale
12%
SSonora
12%
RRialto
12%
OOroville
12%
PPoway
12%
RRancho Palos Verdes
12%
SSusanville
12%
MMorgan Hill
12%
YYucaipa
12%
AAdelanto
12%
YYucca Valley
12%
CCommerce
12%
LLa Quinta
12%
GGrass Valley
12%
FFoster City
12%
FFairfax
12%
DDelano
12%
CCypress
12%
CCoalinga
12%
LLoma Linda
12%
CCitrus Heights
12%
CCathedral City
12%
CCalistoga
12%
BBrawley
12%
BBaldwin Park
12%
AArroyo Grande
12%
AAlturas
12%
LLake Forest
12%
FFountain Valley
12%
MMarysville
12%
MMonrovia
12%
LLynwood
12%
MMontclair
11%
NNorco
11%
CClearlake
11%
SSan Anselmo
11%
AAvenal
11%
LLa Mirada
11%
PPleasant Hill
11%
LLa CaƱada Flintridge
11%
IIndian Wells
11%
CColton
11%
AAtwater
11%
CColma
11%
CCarpinteria
11%
RRancho Cordova
11%
TTiburon
11%
CChowchilla
11%
HHuntington Park
11%
PPorterville
11%
HHealdsburg
11%
SSouth Gate
11%
FFillmore
11%
DDuarte
11%
SSantee
11%
MMoraga
11%
AAmador City
11%
AAmerican Canyon
11%
DDesert Hot Springs
11%
AAngels Camp
11%
SSeaside
11%
MMontebello
11%
IImperial Beach
11%
FFortuna
11%
WWilliams
11%
SSan Juan Bautista
10%
SSouth El Monte
10%
GGalt
10%
CCloverdale
10%
RRidgecrest
10%
MMillbrae
10%
HHercules
10%
RRosemead
10%
MMenifee
10%
CColfax
10%
MMoorpark
10%
LLos Altos Hills
10%
TTehachapi
10%
RRocklin
10%
HHawaiian Gardens
10%
SSebastopol
10%
HHighland
10%
MMonterey Park
10%
EEastvale
10%
PPiedmont
10%
OOakley
10%
LLos Alamitos
10%
YYountville
10%
PPacific Grove
10%
LLemon Grove
10%
MMaricopa
10%
PParamount
10%
AArvin
10%
SSanta Fe Springs
10%
LLa Verne
10%
LLa Puente
10%
PPico Rivera
10%
LLaguna Woods
10%
JJurupa Valley
10%
RRancho Santa Margarita
10%
PPlacentia
10%
WWasco
10%
BBrisbane
10%
RRancho Mirage
10%
MMount Shasta
10%
CCapitola
10%
BBuellton
10%
SStanton
9%
SSelma
9%
WWinters
9%
WWoodside
9%
MMcFarland
9%
WWindsor
9%
SScotts Valley
9%
CCeres
9%
SShasta Lake
9%
WWillits
9%
SSierra Madre
9%
WWillows
9%
SSignal Hill
9%
WWestlake Village
9%
DDel Rey Oaks
9%
SSolana Beach
9%
CCalipatria
9%
SSoledad
9%
TTaft
9%
CCorte Madera
9%
CCorning
9%
CColusa
9%
SSt. Helena
9%
TTrinidad
9%
SSanger
9%
DDunsmuir
9%
PPatterson
9%
HHillsborough
9%
RRoss
9%
IIone
9%
IIrwindale
9%
PPortola
9%
GGreenfield
9%
PPinole
9%
RRohnert Park
9%
FFerndale
9%
LLawndale
9%
LLomita
9%
OOrland
9%
LLemoore
9%
EExeter
9%
LLarkspur
9%
LLa Habra Heights
8%
BBelvedere
8%
RRipon
8%
RRio Vista
8%
HHuron
8%
EEscalon
8%
LLoomis
8%
LLa Palma
8%
IIsleton
8%
TTemple City
8%
KKerman
8%
CCanyon Lake
8%
LLakeport
8%
VVernon
8%
CCalimesa
8%
KKingsburg
8%
BBiggs
8%
BBradbury
8%
CClayton
8%
GGonzales
8%
GGustine
8%
SShafter
8%
FFirebaugh
8%
MMendota
8%
SSand City
8%
CCudahy
8%
CCotati
8%
GGridley
8%
MMaywood
8%
DDinuba
8%
NNewman
8%
FFort Jones
8%
CCorcoran
8%
RRolling Hills
8%
HHidden Hills
8%
SSuisun City
8%
EEtna
8%
SSutter Creek
8%
DDorris
8%
DDos Palos
7%
WWestmorland
7%
WWildomar
7%
OOrange Cove
7%
FFarmersville
7%
LLindsay
7%
LLivingston
7%
LLathrop
7%
LLive Oak
7%
WWoodlake
7%
TTehama
7%
FFowler
7%
GGrover Beach
7%
HHoltville
7%
RRio Dell
7%
RReedley
7%
RRolling Hills Estates
7%
TTulelake
7%
GGuadalupe
7%
PPortola Valley
7%
PPort Hueneme
7%
WWaterford
7%
VVilla Park
7%
BBlue Lake
7%
LLoyalton
7%
MMonte Sereno
6%
PPoint Arena
6%
PPlymouth
6%
PParlier
6%
MMontague
6%
WWheatland
6%
GGrand Terrace
6%
RRiverbank
6%
HHughson
6%

Score Distribution

Percentile by Number Answered

Percent of People with Each Score

Your Score History

You have not taken this quiz